[Event "Santiago IRT 9th"]
[Site "Santiago de Chile"]
[Date "2004.08.24"]
[Round "3.4"]
[White "Letelier Nicolai, Pablo"]
[Black "Gonzalez, Humberto"]
[Result "1-0"]
[WhiteElo "1794"]
[BlackElo "1763"]
[PlyCount "47"]
[EventDate "2004.08.19"]
[EventType "tourn"]
[EventRounds "9"]
[EventCountry "CHI"]
[SourceTitle "EXT 2005"]
[Source "ChessBase"]
[SourceDate "2004.11.15"]
[SourceVersion "1"]
[SourceVersionDate "2004.11.15"]
[SourceQuality "1"]

1. e4 e5 2. Nf3 Nc6 3. Bc4 Be7 4. c3 d6 5. Qb3 Na5 6. Bxf7+ Kf8 7. Qa4 c6 8. Bxg8 b5 9. Qc2 Kxg8 10. d4 Bg4 11. Nbd2 Nc4 12. Qb3 Kf8 13. Nxc4 Bxf3 14. gxf3 bxc4 15. Qxc4 Qb6 16. 0-0 exd4 17. cxd4 Bf6 18. Be3 Ke7 19. e5 Bh4 20. exd6+ Kxd6 21. d5 Bxf2+ 22. Bxf2 Qb7 23. Bg3+ Kd7 24. dxc6+ 1-0